szybkie pisanie do 250 - Statystyki

Ogólne statystyki
  • Ten quiz został rozwiązany 198 razy
  • Średni wynik to 162 z 249
Statystyki odpowiedzi
Odpowiedź % Poprawnych
1
100%
2
98%
3
98%
4
97%
5
97%
6
97%
7
97%
20
95%
8
95%
10
93%
11
93%
19
93%
21
93%
24
93%
9
93%
12
92%
13
92%
15
92%
16
92%
17
92%
18
92%
22
92%
23
92%
25
92%
14
91%
28
90%
34
90%
37
90%
32
89%
36
89%
26
88%
27
88%
29
88%
31
88%
35
88%
39
88%
33
87%
38
87%
40
87%
42
87%
43
87%
50
87%
58
87%
30
86%
41
86%
45
86%
47
86%
48
86%
52
86%
53
86%
57
86%
78
86%
44
85%
46
85%
63
85%
64
85%
49
84%
51
84%
54
84%
56
84%
66
84%
67
84%
69
84%
74
84%
75
84%
55
83%
61
83%
62
83%
65
83%
73
83%
99
83%
100
82%
59
82%
60
82%
68
82%
70
82%
71
82%
72
82%
76
82%
77
82%
79
82%
80
82%
82
82%
90
82%
92
82%
93
82%
94
82%
81
81%
88
81%
84
80%
85
80%
91
80%
95
80%
97
80%
98
80%
87
79%
96
79%
101
78%
83
78%
86
78%
89
78%
104
77%
102
76%
103
76%
105
76%
106
76%
110
76%
107
75%
109
75%
108
74%
112
71%
114
70%
113
69%
115
69%
116
69%
117
69%
123
68%
118
67%
120
67%
119
66%
124
66%
125
66%
126
66%
127
66%
128
66%
129
66%
135
64%
121
63%
122
63%
130
63%
132
63%
131
62%
133
62%
134
62%
140
62%
136
61%
137
61%
138
61%
139
61%
142
61%
145
61%
149
61%
150
61%
143
60%
148
60%
151
60%
141
59%
146
59%
147
59%
160
59%
152
58%
154
58%
156
58%
157
58%
158
58%
144
57%
153
57%
155
56%
159
56%
162
55%
166
55%
164
54%
165
54%
161
53%
163
53%
167
53%
170
53%
181
53%
169
52%
171
52%
180
52%
200
52%
168
51%
173
51%
177
51%
190
51%
172
50%
174
50%
175
50%
182
50%
183
50%
188
50%
176
49%
178
49%
179
49%
185
48%
187
48%
192
48%
195
48%
199
48%
184
47%
186
47%
189
47%
193
47%
191
45%
194
45%
197
44%
196
43%
198
43%
201
43%
202
43%
203
42%
204
41%
205
41%
206
41%
212
41%
207
40%
208
40%
210
40%
209
39%
211
37%
213
37%
214
37%
250
37%
215
36%
217
36%
220
36%
234
36%
216
35%
218
35%
230
35%
219
34%
221
34%
222
34%
223
34%
225
34%
228
34%
229
34%
232
34%
224
33%
226
33%
231
33%
227
32%
233
32%
235
32%
240
30%
242
30%
249
30%
236
29%
239
29%
248
29%
237
28%
238
27%
243
27%
245
27%
246
27%
247
27%
241
26%
244
24%
Nie znaleziono quizów pasujących do podanych kryteriów
Rozkład punktacji
Procent ludzi z każdym wynikiem
Percentyl według liczby udzielonych odpowiedzi
Twoja historia wyników
Nie rozwiązałeś tego quizu